00633 2200229 4500001002100000005001500021035002000036007000300056008004100059020001500100082001100115084001700126100000900143245001900152250001900171260004400190500009500234650004100329856001700370990000800387990000800395INLIS00000000000022120220302095001 a0010-0322000019ta220302 g 0 ind  a9797367460 a297.56 a297.56 LOS b0 aLoso1 aBudi pekerti 1 acetakan ke - 1 aJakarta :bSinar Cemerlang Abadi,c2007 aMateri dikemas dengan bahasa yang mudah dipahami dan dilengkapi dengan gambar yang menarik 4aEtika Moral Islam dalam Hal Tertentu aKoleksi Umum a419 a420